000 00797nam a22002297a 4500
003 0
005 20251028113316.0
008 251028b xxu||||| |||| 00| 0 eng d
020 _a978-1-83683-092-4
050 _aG 156.5.H47
_b.B53 2025
100 _aBlake, Orion,
_eauthor.
245 _aCultural tourism :
_bthe partnership between tourism and cultural heritage management /
_cOrion Blake.
250 _aFirst edition.
260 _aLondon, UK :
_bVintage Press Ltd,
_c2025.
300 _ax, 296 pages :
_bcolored illustrations ;
_c24 cm.
504 _aIncludes bibliographical references and index.
650 _aCultural tourism.
650 _aHeritage tourism.
650 _aHistoric sites
_xConservation and restoration.
650 _aCultural property
_xProtection.
942 _2lcc
_cBK
999 _c368372
_d368372